• 首页
  • 本馆介绍
  • 公告通知
  • 最新文献
  • 馆藏检索
  • 电子资源
  • 读者导购
  • 参考咨询
  • 我的图书馆
  • 登录
  • 详细信息显示
  • 放入我的书架
  • 预约/预借图书
  • 作者相关作品
  • 分类相关作品
  • 丛书相关作品
  • 出版社相关作品

书目信息

  • 表格格式
  • 工作单格式
  • 卡片格式
题名:
CCED实用教程
    
 
作者: 周山芙编
分册:  
出版信息: 北京   清华大学出版社  1984.07
页数: 106页
开本: 16开
丛书名:
单 册:
中图分类: TP314
科图分类:
主题词: 软件
电子资源:
ISBN: 7-302-01501-5
000 00546nam0 2200193 45
001 9911301546
005 19991130153710.6
010    @a7-302-01501-5@d8.00
100    @a19991130d1984 km y0chiy0120 ea
101    @achi
105    @a z 000yy
200 1  @aCCED实用教程@ACCED Shi Yong Jiao Cheng@f周山芙编@FZhou Shan Fu Bian
210    @a北京@c清华大学出版社@d1984.07
215    @a106页@d16开
300    @a附录:CCED4.0编辑命令一览表
606 0  @a软件
690    @aTP314@v3
801    @aCN@bPerfectUser@c19991130
905    @aBZT@b46344@f1@dTP314@e1
    
    CCED实用教程/周山芙编.-北京:清华大学出版社,1984.07
    106页;16开
    附录:CCED4.0编辑命令一览表
    
    ISBN 7-302-01501-5:8.00
    
●
相关链接 在五车中查询图书 在当当中查询图书 在豆瓣中查询图书


正题名:CCED实用教程     索取号:TP314/1         预约/预借

序号 登录号 条形码 馆藏地/架位号 状态 备注
1 46344   200392565   中心书库中库/ 中库027架B面6列2层20/ [索取号:TP314/1] 在馆    
山东省滨州职业学院图书馆 欢迎您!
大连网信软件有限公司© 版权所有